Tous les pilotes de Formule 1 depuis 2010 - Statistiques

Statistiques générales
  • Ce quiz a été pris 186 fois
  • Le résultat moyen est 44 sur 83
Statistiques - réponses
Écurie Nationalité Pilote % Correct
Vodafone McLaren Mercedes Britannique Lewis Hamilton
96%
Red Bull Allemand Sebastian Vettel
90%
Scuderia Ferrari Espagnol Fernando Alonso
89%
McLaren Britannique Lando Norris
89%
Sauber Monégasque Charles Leclerc
88%
Toro Rosso Néerlandais Max Verstappen
88%
Toro Rosso Espagnol Carlos Sainz Jr.
87%
Mercedes GP Petronas Allemand Michael Schumacher
87%
Haas Allemagne Mick Schumacher
86%
Alpha Tauri Japonais Yuki Tsunoda
86%
Toro Rosso Français Pierre Gasly
85%
Williams Allemand Nico Hülkenberg
84%
Manor Racing Français Esteban Ocon
83%
Racing Bulls Français Isack Hadjar
83%
Sauber Mexicain Sergio Pérez
82%
Toro Rosso Thailandais Alexander Albon
80%
Williams Britannique George Russell
79%
Vodafone McLaren Mercedes Britannique Jenson Button
79%
Mercedes GP Petronas Allemand Nico Rosberg
79%
Mercedes Italien Andrea Kimi Antonelli
78%
Scuderia Ferrari Brésilien Felipe Massa
77%
Lotus Français Romain Grosjean
77%
Williams Finlandais Valterri Bottas
77%
Hispania Racing Team Australien Daniel Ricciardo
76%
McLaren Danois Kevin Magnussen
76%
Lotus Finlandais Kimi Raïkkonen
76%
Williams Canadien Lance Stroll
76%
Williams Argentin Franco Colapinto
73%
Red Bull Australien Mark Webber
73%
Ferrari Britannique Oliver Bearman
73%
Kick Sauber Brésilien Gabriel Bortoleto
72%
Alpha Tauri Néo-Zélandais Liam Lawson
72%
Alpine Australien Jack Doohan
69%
Haas Russe Nikita Mazepin
69%
Renault Polonais Robert Kubica
67%
Alfa Romeo Chinois Zhou Guanyu
67%
Toro Rosso Russe Daniil Kvyat
66%
Williams Américain Logan Sargeant
64%
Marussia Français Jules Bianchi
62%
Williams Canadien Nicholas Latifi
60%
Williams Vénézuélien Pastor Maldonado
59%
Toro Rosso Français Jean-Eric Vergne
55%
Sauber Italien Antonio Giovinazzi
53%
Williams Néerlandais Nyck de Vries
50%
McLaren Honda Belge Stoffel Vandoorne
49%
Hispania Racing Team Brésilien Bruno Senna
46%
Haas Brésilien Pietro Fittipaldi
46%
Caterham Suédois Marcus Ericsson
45%
Williams Brésilien Rubens Barrichello
45%
BMW Sauber Japonais Kamui Kobayashi
41%
Lotus Finlandais Heikki Kovalainen
40%
Marussia Français Charles Pic
38%
Renault Russe Vitaly Petrov
38%
Force India Allemand Adrian Sutil
36%
Lotus Italien Jarno Trulli
34%
Toro Rosso Suisse Sébastien Buemi
34%
Williams Russe Sergey Sirotkin
33%
Sauber Brésilien Felipe Nasr
32%
Renault Britannique Jolyon Palmer
32%
Toro Rosso Néo-Zélandais Brendon Hartley
30%
McLaren Australien Oscar Piastri
27%
Williams Britannique Jack Aitken
25%
Virgin Racing Allemand Timo Glock
25%
Manor Racing Allemand Pascal Wehrlein
24%
Sauber Brésilien Esteban Gutiérrez
23%
BMW Sauber Allemand Nick Heidfeld
23%
Force India Britannique Paul di Resta
23%
BMW Sauber Espagnol Pedro de la Rosa
23%
Manor Racing Indonesien Rio Haryanto
22%
Marussia Britannique Max Chilton
20%
Force India Italien Vitantonio Liuzzi
20%
HRT Indien Narain Karthikeyan
19%
Marussia Virgin Belge Jérôme D'Ambrosio
17%
Manor Marussia Américain Alexander Rossi
16%
Caterham Allemand André Lotterer
16%
Caterham Néerlandais Giedo van der Garde
16%
Toro Rosso Espagnol Jaime Alguersuari
16%
Manor Marussia Espagnol Roberto Mehri
16%
Hispania Racing Team Indien Karun Chandhok
15%
Virgin Racing Brésilien Lucas di Grassi
15%
Hispania Racing Team Japonais Sakon Yamamoto
13%
Caterham Britannique Will Stevens
13%
Hispania Racing Team Autrichien Christian Klien
9%
Aucun quiz correspondant
Distribution des résultats
% des personnes avec chaque résultat
Percentile par nombre de réponses
Votre historique - résultats
Vous n’avez pas pris ce quiz